Équipe du Danemark de Football - Tous les joueurs (2000-..) - Statistiques

Statistiques générales
  • Ce quiz a été pris 186 fois
    13 depuis la dernière actualisation
  • Le résultat moyen est 37 sur 216
Statistiques - réponses
Première sélection Dernière sélection Joueur Nb de sélections % Correct
2010 Christian Eriksen 147
100%
2013 Kasper Schmeichel 120
100%
1987 2001 Peter Schmeichel 129
100%
2015 Andreas Christensen 79
70%
2018 2018 Christian Bommelund Christensen 1
70%
2001 2012 Christian Poulsen 92
70%
2008 2008 Christopher Poulsen 2
70%
2009 2015 Jakob Poulsen 35
70%
2010 2010 Kim Christensen 3
70%
2020 Oliver Christensen 1
70%
2021 Rasmus Kristensen 32
70%
2007 2015 Simon Poulsen 31
70%
2008 2012 Thomas Kristensen 9
70%
2013 Yussuf Poulsen 86
70%
2020 Joakim Maehle 55
60%
2013 Martin Braithwaite 69
60%
2001 2002 Peter Kjaer 4
60%
2014 Pierre-Emile Hojbjerg 93
60%
2009 2024 Simon Kjaer 132
60%
2025 Filip Jörgensen 1
50%
2013 Jannik Vestergaard 59
50%
2001 2001 Mads Jorgensen 1
50%
1998 2011 Martin Jorgensen 102
50%
2008 2024 Mathias Jorgensen 37
50%
2020 Mikkel Damsgaard 38
50%
2011 2019 Nicolai Jorgensen 41
50%
2015 2021 Pione Sisto 26
50%
2022 Rasmus Hojlund 31
50%
2013 2024 Thomas Delaney 81
50%
2020 Alexander Bah 20
40%
2012 2022 Andreas Cornelius 44
40%
2020 Andreas Skov Olsen 40
40%
2011 2022 Daniel Wass 44
40%
2016 2024 Frederik Ronnow 10
40%
2019 Jacob Bruun Larsen 8
40%
2016 Jens Stryger Larsen 54
40%
2019 Joachim Andersen 48
40%
2016 Kasper Dolberg 56
40%
2014 2020 Lucas Andersen 7
40%
2019 Robert Skov 14
40%
1993 2000 Soren Andersen 12
40%
2005 2010 Soren Larsen 20
40%
2004 2015 Stephan Andersen 30
40%
2020 Christian Norgaard 39
30%
2003 2004 David Rasmussen 3
30%
2020 Jesper Lindstrom 18
30%
2020 Jonas Wind 37
30%
2017 2019 Lukas Lerager 10
30%
2025 Mika Biereth 9
30%
2008 2016 Morten Rasmussen 13
30%
2006 2018 Nicklas Bendtner 81
30%
2024 Patrick Dorgu 12
30%
2003 2008 Thomas Rasmussen 8
30%
2014 2021 Anders Christiansen 5
20%
2007 2009 Chris Sorensen 5
20%
2000 2007 Claus Jensen 47
20%
2002 2010 Daniel Jensen 52
20%
2006 2006 Dennis Sorensen 5
20%
2007 2007 Esben Hansen 1
20%
2016 2020 Henrik Dalsgaard 26
20%
2000 2004 Henrik Pedersen 3
20%
2003 2007 Jan Kristiansen 11
20%
2002 2010 Jesper Christiansen 11
20%
1997 2010 Jon Dahl Tomasson 112
20%
2013 2015 Kian Hansen 2
20%
2020 2020 Kristian Pedersen 1
20%
2009 2021 Lasse Schöne 51
20%
2025 Lucas Hogsberg 3
20%
2020 Mathias Jensen 30
20%
2023 Matt O'Riley 6
20%
2006 2018 Michael Krohn-Dehli 62
20%
2010 2018 Mike Jensen 5
20%
2024 Morten Frendrup 2
20%
2023 Morten Hjulmand 25
20%
2010 2013 Nicklas Pedersen 13
20%
1998 2008 Niclas Jensen 62
20%
2002 2004 Peter Skov-Jensen 4
20%
2020 Philip Billing 6
20%
2003 2015 Thomas Kahlenberg 47
20%
1999 2012 Thomas Sorensen 101
20%
2023 Victor Kristiansen 18
20%
2020 Victor Nelsson 16
20%
2012 2018 Viktor Fischer 21
20%
2007 2018 William Kvist 81
20%
2024 Albert Gronbaek 8
10%
1995 2002 Allan Nielsen 44
10%
2021 Anders Dreyer 8
10%
2010 2012 Anders Lindegaard 5
10%
2020 2022 Andreas Maxso 2
10%
2025 Anton Gaaei 1
10%
1990 2002 Brian Steen Nielsen 66
10%
2016 2019 Christian Gytkjaer 9
10%
2005 2016 Daniel Agger 75
10%
2018 2018 Daniel Holm 1
10%
2018 2018 Daniel Nielsen 1
10%
2024 Gustav Isaksen 13
10%
2020 2021 Jens Jonsson 5
10%
2021 Jens Stage 2
10%
1991 2000 Jes Hogh 57
10%
2006 2009 Jesper Bech 2
10%
2016 2016 Jonas Lössl 1
10%
2006 2015 Lars Jacobsen 81
10%
2012 2012 Lasse Nielsen 1
10%
2007 2014 Leon Andreasen 20
10%
2024 Mads Roerslev 1
10%
2021 2021 Marcus Ingvartsen 1
10%
2025 Mathias Kvistgaarden 1
10%
2021 Mohamed Daramy 10
10%
2013 2013 Nicki Bille Nielsen 3
10%
2011 2022 Nicolai Boilesen 22
10%
2002 2006 Per Nielsen 10
10%
1992 2002 Peter Nielsen 10
10%
2013 2020 Rasmus Falk 2
10%
2015 2018 Riza Durmisi 22
10%
1998 2006 Thomas Gravesen 66
10%
2014 2014 Uffe Bech 3
10%
2025 Victor Froholdt 8
10%
2018 2018 Adam Fogt 1
0%
2005 2006 Allan Jepsen 2
0%
2018 2018 Anders Fonss 1
0%
2018 2018 Anders Hunsballe 1
0%
2008 2008 Anders Randrup 1
0%
2010 2018 Andreas Bjelland 29
0%
2003 2004 Asbjorn Sennels 2
0%
1987 2001 Bjarne Goldbaek 28
0%
2006 2011 Bo Svensson 3
0%
2003 2007 Brian Priske 24
0%
2025 Carlo Holse 1
0%
2012 2014 Casper Sloth 8
0%
2018 2018 Christian Bannis 1
0%
2018 2018 Christian Offenberg 1
0%
2018 2018 Christoffer Haagh 1
0%
2018 2018 Christopher Jakobsen 1
0%
2025 Conrad Harder 1
0%
2000 2013 Dennis Rommedahl 126
0%
1998 2004 Ebbe Sand 66
0%
2023 Elias Jelert 3
0%
2015 2016 Erik Sviatchenko 5
0%
2008 2009 Hjalte Norregaard 4
0%
2014 2021 Jakob Ahlmann 3
0%
1987 2002 Jan Heintze 86
0%
2000 2003 Jan Michaelsen 20
0%
1999 2010 Jesper Gronkjaer 80
0%
2012 2014 Jesper Juelsgard 2
0%
2009 2009 Johan Absalonsen 2
0%
2010 2010 Johnny Thomsen 3
0%
2006 2006 Jonas Kamper 1
0%
2014 2019 Jonas Knudsen 7
0%
2011 2014 Jores Okore 8
0%
2002 2008 Kasper Bogelund 17
0%
2018 2018 Kasper Kempel 1
0%
2013 2016 Kasper Kusk 8
0%
2010 2012 Kasper Lorentzen 5
0%
2003 2008 Kenneth Perez 24
0%
2012 2012 Kevin Conboy 1
0%
2009 2010 Kris Stadsgaard 3
0%
2014 2017 Lasse Vibe 11
0%
2009 2010 Leon Jessen 4
0%
2018 2018 Mads Bertelsen 1
0%
2006 2012 Mads Junker 7
0%
2000 2008 Marc Nygaard 7
0%
2001 2006 Martin Albrechtsen 4
0%
2008 2014 Martin Bernburg 4
0%
2000 2008 Martin Laursen 53
0%
2004 2008 Martin Retov 6
0%
2008 2011 Martin Vingaard 9
0%
2005 2007 Michael Gravgaard 18
0%
2009 2009 Michael Jakobsen 5
0%
2000 2002 Michael Johansen 2
0%
2009 2010 Michael Lumb 2
0%
1995 2000 Michael Schjonberg 44
0%
2002 2012 Michael Silberbauer 25
0%
2021 2021 Mikael Uhre 1
0%
1995 2000 Mikkel Beck 19
0%
2008 2011 Mikkel Beckmann 7
0%
2006 2008 Mikkel Thygesen 3
0%
1990 2000 Miklos Molnar 18
0%
1996 2000 Morten Bisgaard 8
0%
2007 2009 Morten Nordstrand 8
0%
2003 2011 Morten Skoubo 6
0%
1994 2004 Morten Wieghorst 30
0%
2012 2012 Nicklas Helenius 2
0%
2018 2018 Nicolai Johansen 1
0%
2006 2013 Nicolai Stokholm 8
0%
2023 Nicolai Vallys 1
0%
2014 2014 Nicolaj Thomsen 1
0%
2008 2013 Niki Zimling 24
0%
2020 2020 Oliver Abildgaard 1
0%
2018 2018 Oskar Hoybye 1
0%
2008 2012 Patrick Mtiliga 6
0%
1990 2003 Per Frandsen 23
0%
2004 2010 Per Kroldrup 33
0%
2013 Peter Ankersen 27
0%
2002 2010 Peter Lovenkrands 22
0%
2001 2005 Peter Madsen 13
0%
1991 2005 Peter Moller 20
0%
2007 2010 Peter Nymann 3
0%
2010 2010 Rajko Lekic 1
0%
2018 2018 Rasmus Gaudin 1
0%
2018 2018 Rasmus Johansson 1
0%
2005 2014 Rasmus Würtz 12
0%
1998 2004 René Henriksen 66
0%
2013 2013 Simon Makienok 6
0%
2018 2018 Simon Vollesen 1
0%
2003 2006 Soren Berg 2
0%
1996 2004 Soren Colding 27
0%
2009 2010 Soren Rieks 3
0%
2000 2005 Steven Lustü 9
0%
1993 2002 Stig Tofting 41
0%
2008 2009 Thomas Augustinussen 2
0%
2009 2011 Thomas Enevoldsen 11
0%
1994 2007 Thomas Helveg 108
0%
2002 2004 Thomas Roll 8
0%
1996 2003 Thomas Rytter 4
0%
2011 2012 Tobias Mikkelsen 8
0%
2007 2008 Ulrik Laursen 5
0%
Aucun quiz correspondant
Distribution des résultats
% des personnes avec chaque résultat
Percentile par nombre de réponses
Votre historique - résultats
Vous n’avez pas pris ce quiz depuis la dernière actualisation